000 00953cam4a220022900 4500
001 qce00665348
005 20190823092155.0
008 881017r19651935nyua b 000 0 eng d
035 _a(Sirsi) r55022
035 _a(QCAT)lss05590509
035 _a(UPRA)qce00665348
040 _dUPRA
100 1 _aWodehouse, Roger P. (Roger Philip), b. 1889.
_qWodehouse, Roger P. (Roger Philip), b. 1889.
_dWodehouse, Roger P. (Roger Philip), b. 1889.
_6A13867.1
245 1 0 _aPollen grains: their structure, identification, and significance in science and medicine.
260 _aNew York :
_bHafner Pub. Co.,
_c1965, [c1935]
500 _a"Facsimile of the edition of 1935."
504 _aIncludes bibliographical references.
650 0 _aPollen -- Morphology.
_xPollen -- Morphology.
_6S9464.1
650 0 _aBotany -- Classification.
_xBotany -- Classification.
_6S818.1
949 _aQK658
_wlcc
_i33729000216585
_mMAIN
_p2500
_tBOOK
_lON-SHELF
004 55022
999 _c144275
_d144275